Literature of the '60s Quiz Stats

 Plays Quiz Updated Mar 11, 2015

Challenge
Share
Tweet
Embed
Score 0/36 Timer 08:00
5 Plays Today
Work Author % Correct
To Kill a MockingbirdHarper Lee
92.4%
Slaughterhouse-FiveKurt Vonnegut
85.6%
Charlie and the Chocolate FactoryRoald Dahl
84.3%
In Cold BloodTruman Capote
79.8%
Catch-22Joseph Heller
76.1%
The Bell JarSylvia Plath
74.4%
I Know Why the Caged Bird SingsMaya Angelou
71.7%
The GodfatherMario Puzo
71.2%
One Hundred Years of SolitudeGabriel García Márquez
64.5%
A Clockwork OrangeAnthony Burgess
61.2%
One Flew Over the Cuckoo's NestKen Kesey
58.3%
Franny and ZooeyJ.D. Salinger
53.9%
Dune Frank Herbert
49.1%
Portnoy's ComplaintPhilip Roth
49%
Do Androids Dream of Electric Sheep? Philip K. Dick
47.7%
2001: A Space OdysseyArthur C. Clarke
46.1%
The Spy Who Came In from the ColdJohn le Carré
45.2%
A Wrinkle in TimeMadeleine L'Engle
43%
Work Author % Correct
Rosencrantz and Guildenstern Are DeadTom Stoppard
35%
Who's Afraid of Virginia Woolf?Edward Albee
32%
The Crying of Lot 49Thomas Pynchon
30.8%
The Electric Kool-Aid Acid TestTom Wolfe
30.6%
Pale FireVladimir Nabokov
30.2%
Wide Sargasso SeaJean Rhys
25.9%
HerzogSaul Bellow
24.5%
The ChosenChaim Potok
20.9%
One Day in the Life of Ivan DenisovichAleksandr Solzhenitsyn
20.7%
The Winter of Our DiscontentJohn Steinbeck
19.6%
The French Lieutenant's WomanJohn Fowles
19.1%
The Master and MargaritaMikhail Bulgakov
18.5%
Slouching Towards BethlehemJoan Didion
14.9%
Revolutionary Road Richard Yates
13.3%
We Have Always Lived in the CastleShirley Jackson
12.6%
Trout Fishing In AmericaRichard Brautigan
10.4%
LabyrinthsJorge Luis Borges
10.3%
The Sot-Weed FactorJohn Barth
9.8%

You're not logged in!

Compare scores with friends on all Sporcle quizzes.
OR
Log In

You Might Also Like...

Show Comments

Extras

Top Quizzes Today


Score Distribution

Your Account Isn't Verified!

In order to create a playlist on Sporcle, you need to verify the email address you used during registration. Go to your Sporcle Settings to finish the process.

Report this User

Report this user for behavior that violates our Community Guidelines.

Details: